[Event "Chinese Championship"]
[Site "Xinghua CHN"]
[Date "2015.05.18"]
[EventDate "2015.05.18"]
[Round "1.3"]
[Result "0-1"]
[White "Lin Chen"]
[Black "Wen Yang"]
[WhiteElo "2460"]
[BlackElo "2583"]
[PlyCount "70"]

1. e4 e5 2. Nf3 Nc6 3. Bb5 a6 4. Ba4 Nf6 5. O-O Be7 6. Re1 b5
7. Bb3 d6 8. a4 Bd7 9. c3 O-O 10. d4 h6 11. h3 Re8 12. Nbd2
Bf8 13. d5 Ne7 14. Nf1 Ng6 15. c4 c6 16. Bd2 bxc4 17. Bxc4
cxd5 18. exd5 e4 19. Nd4 Ne5 20. b3 Nxc4 21. bxc4 Rc8 22. Ne3
g6 23. Bc3 Nh5 24. Ne2 Qg5 25. Kh2 f5 26. g3 f4 27. Nxf4 Nxf4
28. gxf4 Qxf4+ 29. Kg2 Qg5+ 30. Ng4 Rxc4 31. Bd2 Bxg4 32. hxg4
e3 33. Bxe3 Rxg4+ 34. Kf3 Qf5+ 35. Ke2 Rxe3+ 0-1

[Event "Chinese Championship"]
[Site "Xinghua CHN"]
[Date "2015.05.18"]
[EventDate "2015.05.18"]
[Round "1.4"]
[Result "0-1"]
[White "Wang Chen"]
[Black "Liu Qingnan"]
[WhiteElo "2536"]
[BlackElo "2523"]
[PlyCount "66"]

1. c4 c6 2. e4 d5 3. exd5 cxd5 4. d4 Nf6 5. Nc3 g6 6. Nf3 Bg7
7. Qb3 dxc4 8. Bxc4 O-O 9. Ne5 e6 10. Be3 Nc6 11. Nxc6 bxc6
12. Be2 Nd5 13. O-O Nxe3 14. fxe3 e5 15. Bc4 exd4 16. Rxf7
Rxf7 17. Bxf7+ Kh8 18. exd4 Qxd4+ 19. Kh1 Bf5 20. Rd1 Qf2
21. Qc4 Rf8 22. Rf1 Qxb2 23. Ne4 Qa3 24. g4 Bxg4 25. Ng5 Bf5
26. Be6 Qc3 27. Rxf5 Qe1+ 28. Kg2 Qd2+ 29. Kf3 Qd1+ 30. Kg2
gxf5 31. Nf7+ Rxf7 32. Bxf7 Bd4 33. Qf1 Qg4+ 0-1

[Event "Chinese Championship"]
[Site "Xinghua CHN"]
[Date "2015.05.18"]
[EventDate "2015.05.18"]
[Round "1.6"]
[Result "1/2-1/2"]
[White "Lu Shanglei"]
[Black "Yu Yangyi"]
[WhiteElo "2606"]
[BlackElo "2723"]
[PlyCount "133"]

1. e4 c5 2. Nf3 e6 3. d4 cxd4 4. Nxd4 Nf6 5. Nc3 Nc6 6. Nxc6
bxc6 7. e5 Nd5 8. Ne4 Qc7 9. f4 Qb6 10. c4 Bb4+ 11. Ke2 f5
12. exf6 Nxf6 13. Be3 Qd8 14. Nd6+ Bxd6 15. Qxd6 Bb7 16. Kd3
c5 17. Kc2 Rc8 18. Bd3 Qb6 19. Qxb6 axb6 20. Rhe1 Bxg2 21. Rg1
Be4 22. Rxg7 Bg6 23. Bxg6+ hxg6 24. Rg1 Rxh2+ 25. Kc1 Ra8
26. Kb1 Re2 27. Bc1 Ra4 28. R7xg6 Ne4 29. Rg8+ Ke7 30. R8g7+
Kd6 31. Rd1+ Kc6 32. Rgxd7 Rxc4 33. a3 Kb5 34. R1d3 Nf6
35. Rb3+ Kc6 36. Rd1 Rd4 37. Rf1 Nd5 38. Rbf3 Ne7 39. Re3 Rxe3
40. Bxe3 Re4 41. Bd2 Kd5 42. Kc2 Nf5 43. Rf2 Kc4 44. b3+ Kd5
45. a4 Kd4 46. a5 bxa5 47. Bxa5 Re3 48. Bb6 Kd5 49. b4 Nd4+
50. Kd2 Rf3 51. Rxf3 Nxf3+ 52. Kc3 cxb4+ 53. Kxb4 Ke4 54. Bc7
Nd4 55. Kc5 Ne2 56. Kd6 Kf5 57. Ke7 Nd4 58. Be5 Ne2 59. Bc7
Nc3 60. Be5 Nd5+ 61. Kd7 Ne3 62. Ke7 Ng4 63. Bc7 Nf6 64. Be5
Nd5+ 65. Kd7 Nxf4 66. Bxf4 Kxf4 67. Kxe6 1/2-1/2

[Event "Chinese Championship"]
[Site "Xinghua CHN"]
[Date "2015.05.19"]
[EventDate "2015.05.18"]
[Round "2.3"]
[Result "0-1"]
[White "Liu Qingnan"]
[Black "Zhao Jun"]
[WhiteElo "2523"]
[BlackElo "2613"]
[PlyCount "72"]

1. e4 c5 2. Nf3 e6 3. d4 cxd4 4. Nxd4 Nc6 5. Nc3 Qc7 6. Be3 a6
7. Qd2 Nf6 8. f3 Bb4 9. O-O-O Ne5 10. Nb3 b5 11. Qe1 Be7
12. f4 Ng6 13. e5 Ng4 14. Bd2 Bb7 15. Bd3 Rc8 16. Qe2 f5
17. exf6 Nxf6 18. Rhf1 O-O 19. f5 Ne5 20. Bf4 Nxd3+ 21. Rxd3
Qb6 22. fxe6 dxe6 23. Be3 Qc7 24. Bf4 Qb6 25. Rg3 b4 26. Be3
Qd6 27. Bf4 Qd7 28. Rd1 Qe8 29. Qxe6+ Qf7 30. Qxf7+ Rxf7
31. Ne2 Nh5 32. Re3 Nxf4 33. Nxf4 Bg5 34. g3 Rxf4 35. gxf4
Bxf4 36. Kd2 Bf3 0-1

[Event "Chinese Championship"]
[Site "Xinghua CHN"]
[Date "2015.05.19"]
[EventDate "2015.05.18"]
[Round "2.4"]
[Result "1-0"]
[White "Wen Yang"]
[Black "Wang Chen"]
[WhiteElo "2583"]
[BlackElo "2536"]
[PlyCount "89"]

1. d4 Nf6 2. c4 e6 3. Nc3 d5 4. Nf3 Nbd7 5. Bf4 dxc4 6. e3 Bd6
7. Bxd6 cxd6 8. Bxc4 O-O 9. O-O a6 10. a4 b6 11. Bd3 Bb7
12. Re1 e5 13. e4 Re8 14. d5 Nc5 15. Bf1 a5 16. Nd2 Re7
17. Qf3 Ne8 18. Rab1 Ba6 19. Bxa6 Nxa6 20. Nc4 Rc7 21. b3 Rc5
22. Qe3 Rb8 23. Nb5 Qe7 24. f4 Nac7 25. Na7 exf4 26. Qf2 Qf6
27. Nc6 Rb7 28. Rbd1 g5 29. e5 dxe5 30. Rxe5 Ng7 31. Qf3 b5
32. d6 Nce6 33. d7 Rxe5 34. N4xe5 Nf5 35. Qd5 bxa4 36. Qxa5
Kg7 37. Ng4 Qb2 38. Qxf5 Rxd7 39. Rxd7 Qc1+ 40. Kf2 Qb2+
41. Kf3 Qc3+ 42. Rd3 Qxc6+ 43. Qd5 Qxd5+ 44. Rxd5 axb3 45. Rd1
1-0

[Event "Chinese Championship"]
[Site "Xinghua CHN"]
[Date "2015.05.19"]
[EventDate "2015.05.18"]
[Round "2.6"]
[Result "1/2-1/2"]
[White "Wan Yunguo"]
[Black "Zhou Jianchao"]
[WhiteElo "2472"]
[BlackElo "2589"]
[PlyCount "91"]

1. e4 c5 2. Nf3 e6 3. d4 cxd4 4. Nxd4 Nc6 5. Nc3 a6 6. Nxc6
bxc6 7. Bd3 d5 8. O-O Nf6 9. Re1 Be7 10. e5 Nd7 11. Qg4 Kf8
12. Bd2 h5 13. Qf3 Kg8 14. Na4 Bg5 15. Qe2 Bxd2 16. Qxd2 a5
17. c4 Nb6 18. Nxb6 Qxb6 19. cxd5 exd5 20. Rac1 h4 21. h3 Bd7
22. Re2 Rh5 23. a3 Re8 24. Qc3 Qc7 25. f4 Qb6+ 26. Qc5 Qxc5+
27. Rxc5 Ra8 28. Re3 a4 29. Bc2 Kf8 30. Bd1 Rh6 31. Rd3 Ke7
32. Rd4 Rb8 33. Rc2 Rg6 34. Rxa4 Rg3 35. Ra7 Ke8 36. Kh2 Rgb3
37. Bg4 Bxg4 38. hxg4 R8b6 39. Rc7 Rxb2 40. Rc5 R2b5 41. R5xc6
Rxc6 42. Rxc6 Ra5 43. Kh3 g5 44. Rc3 gxf4 45. Kxh4 Ke7 46. Kg5
1/2-1/2

[Event "Chinese Championship"]
[Site "Xinghua CHN"]
[Date "2015.05.20"]
[EventDate "2015.05.18"]
[Round "3.2"]
[Result "1/2-1/2"]
[White "Lin Chen"]
[Black "Wan Yunguo"]
[WhiteElo "2460"]
[BlackElo "2472"]
[PlyCount "61"]

1. e4 e6 2. Nf3 d5 3. exd5 exd5 4. d4 Bd6 5. c4 dxc4 6. Bxc4
Nf6 7. O-O O-O 8. h3 h6 9. Nc3 Nc6 10. Be3 Bf5 11. Rc1 Qd7
12. Bb5 a6 13. Bxc6 Qxc6 14. Ne5 Bxe5 15. dxe5 Rfd8 16. Qb3
Be6 17. Qb4 Nd5 18. Nxd5 Qxd5 19. Rxc7 Qxe5 20. Rc5 Qd6 21. a3
b6 22. Rcc1 Qxb4 23. axb4 b5 24. Rfd1 Rxd1+ 25. Rxd1 Rc8
26. Rc1 Rxc1+ 27. Bxc1 h5 28. h4 Kf8 29. Bd2 Ke7 30. Bc3 g6
31. g3 1/2-1/2

[Event "Chinese Championship"]
[Site "Xinghua CHN"]
[Date "2015.05.20"]
[EventDate "2015.05.18"]
[Round "3.4"]
[Result "1/2-1/2"]
[White "Zhao Jun"]
[Black "Wen Yang"]
[WhiteElo "2613"]
[BlackElo "2583"]
[PlyCount "61"]

1. e4 e5 2. Nf3 Nc6 3. Bc4 Bc5 4. c3 Nf6 5. d4 exd4 6. cxd4
Bb4+ 7. Bd2 Bxd2+ 8. Nbxd2 d5 9. exd5 Nxd5 10. Qb3 Na5
11. Qa4+ Nc6 12. O-O O-O 13. Qc2 Ncb4 14. Qb3 a5 15. a3 a4
16. Qd1 Nc6 17. Qc2 h6 18. Rfe1 Nce7 19. Ne4 Bf5 20. Qd2 c6
21. Nc5 b6 22. Nd3 Qd6 23. Nde5 f6 24. Nd3 Kh8 25. h3 Rfe8
26. Rac1 Rac8 27. Nh4 Bh7 28. Nf3 Bf5 29. Nh4 Bh7 30. Nf3 Bf5
31. Nh4 1/2-1/2

[Event "Chinese Championship"]
[Site "Xinghua CHN"]
[Date "2015.05.20"]
[EventDate "2015.05.18"]
[Round "3.5"]
[Result "0-1"]
[White "Lu Shanglei"]
[Black "Liu Qingnan"]
[WhiteElo "2606"]
[BlackElo "2523"]
[PlyCount "84"]

1. e4 c5 2. Nf3 d6 3. d4 cxd4 4. Nxd4 Nf6 5. Nc3 a6 6. Be3 e6
7. g4 e5 8. Nf5 h5 9. g5 Nxe4 10. Nxg7+ Bxg7 11. Nxe4 d5
12. Ng3 d4 13. Bd2 Qd5 14. Rg1 Bg4 15. Be2 Nd7 16. Bxg4 hxg4
17. Qxg4 Rxh2 18. Qe4 Qxe4+ 19. Nxe4 Ke7 20. O-O-O Rc8 21. f4
exf4 22. Rge1 Ne5 23. Kb1 f3 24. Bb4+ Ke6 25. Rxd4 Rcxc2
26. Rd6+ Kf5 27. Bc3 f2 28. Rf1 Kxe4 29. Rd4+ Kf3 30. Kxc2 Kg2
31. Rdd1 Ng4 32. Rxf2+ Nxf2 33. Rd7 Bxc3 34. bxc3 Kf3
35. Rxf7+ Ke3 36. Kb3 Ne4 37. g6 b6 38. g7 Rg2 39. Re7 Kf4
40. a4 Kf5 41. Rc7 Nc5+ 42. Kc4 Ke5 0-1

[Event "Chinese Championship"]
[Site "Xinghua CHN"]
[Date "2015.05.21"]
[EventDate "2015.05.18"]
[Round "4.3"]
[Result "1-0"]
[White "Wen Yang"]
[Black "Lu Shanglei"]
[WhiteElo "2583"]
[BlackElo "2606"]
[PlyCount "49"]

1. d4 d5 2. c4 e6 3. Nf3 Nf6 4. Nc3 dxc4 5. e4 Bb4 6. Bxc4
Nxe4 7. O-O Nxc3 8. bxc3 Bd6 9. Qe2 O-O 10. Rd1 Nc6 11. Bb3
Ne7 12. Bc2 f6 13. c4 c6 14. Qd3 Ng6 15. h4 f5 16. g3 h6
17. Bb2 Bd7 18. Re1 Qf6 19. Rab1 Rae8 20. h5 Nh8 21. c5 Bb8
22. d5 e5 23. d6 Nf7 24. Bb3 Be6 25. Nxe5 1-0

[Event "Chinese Championship"]
[Site "Xinghua CHN"]
[Date "2015.05.21"]
[EventDate "2015.05.18"]
[Round "4.5"]
[Result "1-0"]
[White "Wan Yunguo"]
[Black "Wang Chen"]
[WhiteElo "2472"]
[BlackElo "2536"]
[PlyCount "57"]

1. e4 c5 2. Nf3 e6 3. g3 Nc6 4. Bg2 Nf6 5. Qe2 Be7 6. O-O O-O
7. c3 d5 8. d3 b5 9. a4 bxa4 10. Rxa4 Nd7 11. e5 c4 12. dxc4
Nb6 13. cxd5 Nxa4 14. dxc6 Rb8 15. b4 Nb6 16. Rd1 Ba6 17. Qe1
Qc8 18. Bg5 Bxg5 19. Nxg5 Rd8 20. Rd6 h6 21. Ne4 Qc7 22. Nc5
Bc4 23. Nb7 Re8 24. Na3 a6 25. Nxc4 Nxc4 26. Qe2 Nb6 27. Nc5
Nd5 28. Nxa6 Nxc3 29. Qc4 1-0

[Event "Chinese Championship"]
[Site "Xinghua CHN"]
[Date "2015.05.21"]
[EventDate "2015.05.18"]
[Round "4.6"]
[Result "1/2-1/2"]
[White "Zhou Jianchao"]
[Black "Lin Chen"]
[WhiteElo "2589"]
[BlackElo "2460"]
[PlyCount "65"]

1. d4 Nf6 2. c4 g6 3. Nc3 Bg7 4. e4 d6 5. Nf3 O-O 6. Be2 e5
7. O-O exd4 8. Nxd4 Re8 9. f3 Nc6 10. Be3 Nh5 11. Qd2 Nf4
12. Rfd1 Nxe2+ 13. Ncxe2 Qe7 14. Nf4 Be6 15. Rac1 a6 16. Nd5
Qd7 17. Ne2 f5 18. Ng3 Qf7 19. Kh1 Rac8 20. b3 Ne5 21. exf5
Bxf5 22. Nxf5 Qxf5 23. Bg5 Qf7 24. Re1 h6 25. Bh4 Nc6
26. Rxe8+ Rxe8 27. Re1 Rxe1+ 28. Qxe1 Nd4 29. Qe4 c6 30. Ne3
Qe6 31. Qxe6+ Nxe6 32. Bg3 Bf8 33. Kg1 1/2-1/2

[Event "Chinese Championship"]
[Site "Xinghua CHN"]
[Date "2015.05.22"]
[EventDate "2015.05.18"]
[Round "5.2"]
[Result "0-1"]
[White "Wang Chen"]
[Black "Zhou Jianchao"]
[WhiteElo "2536"]
[BlackElo "2589"]
[PlyCount "102"]

1. d4 Nf6 2. Nf3 g6 3. Bf4 Bg7 4. e3 O-O 5. h3 d6 6. Be2 c5
7. O-O Nc6 8. c3 cxd4 9. exd4 Nd5 10. Bg3 e5 11. Na3 Nb6
12. dxe5 dxe5 13. Nc4 Nxc4 14. Bxc4 Qe7 15. Qe2 Be6 16. Rfe1
Rad8 17. Bb3 f6 18. Nd2 f5 19. Kh1 Bxb3 20. axb3 e4 21. Nc4
Bh6 22. Rad1 Rxd1 23. Rxd1 Rd8 24. Rxd8+ Nxd8 25. Bh2 Qd7
26. Ne5 Qd5 27. f3 Nc6 28. fxe4 Qxe4 29. Qxe4 fxe4 30. Ng4 Bg5
31. Bg3 Kf7 32. h4 Bc1 33. Nf2 Bxb2 34. Nxe4 Ke6 35. Kg1 b5
36. Kf2 a5 37. Ke3 h5 38. Bc7 Ba3 39. Kd3 Be7 40. g3 a4
41. Kc2 Kf5 42. Nf2 Bf6 43. Nd3 a3 44. Bd6 a2 45. Kb2 Ke6
46. Bc7 Bxc3+ 47. Kxa2 Nb4+ 48. Nxb4 Bxb4 49. Kb2 Kf5 50. Kc2
Kg4 51. Kd1 Kf3 0-1

[Event "Chinese Championship"]
[Site "Xinghua CHN"]
[Date "2015.05.24"]
[EventDate "2015.05.18"]
[Round "6.4"]
[Result "0-1"]
[White "Wan Yunguo"]
[Black "Lu Shanglei"]
[WhiteElo "2472"]
[BlackElo "2606"]
[PlyCount "104"]

1. e4 c5 2. Nf3 d6 3. d4 cxd4 4. Nxd4 Nf6 5. Nc3 g6 6. Be3 Bg7
7. f3 Nc6 8. Qd2 O-O 9. Bc4 Bd7 10. h4 Ne5 11. Bb3 h5
12. O-O-O Rc8 13. Bg5 Rc5 14. Kb1 b5 15. g4 hxg4 16. h5 Nxh5
17. Nd5 Re8 18. Rxh5 gxh5 19. Qh2 Rxd5 20. Bxd5 gxf3 21. Qxh5
f2 22. Nf5 Bxf5 23. exf5 Qa5 24. Bf4 Rf8 25. f6 Bxf6 26. Be4
Rd8 27. Qh6 Bg7 28. Qh7+ Kf8 29. Bh6 Ke8 30. Bxg7 Qe1 31. Qh1
Qxh1 32. Bxh1 f6 33. Bh6 Ng4 34. Bf4 Kd7 35. Bf3 f5 36. Be2 a6
37. Bg3 Rf8 38. Kc1 e5 39. Kd2 e4 40. Bxg4 fxg4 41. Ke2 e3
42. Rxd6+ Ke7 43. Rd1 Ke6 44. c3 Rf3 45. Bc7 Kf5 46. Rd5+ Ke6
47. Rd1 Kf5 48. b3 b4 49. Ba5 Kf4 50. Bc7+ Ke4 51. cxb4 g3
52. Bxg3 Rxg3 0-1

[Event "Chinese Championship"]
[Site "Xinghua CHN"]
[Date "2015.05.24"]
[EventDate "2015.05.18"]
[Round "6.5"]
[Result "1/2-1/2"]
[White "Zhou Jianchao"]
[Black "Zhao Jun"]
[WhiteElo "2589"]
[BlackElo "2613"]
[PlyCount "114"]

1. Nf3 Nf6 2. c4 e6 3. Nc3 b6 4. g3 Bb7 5. Bg2 Be7 6. d4 Ne4
7. Bd2 O-O 8. O-O Nxd2 9. Nxd2 Bxg2 10. Kxg2 g6 11. e3 Bf6
12. Qf3 Nc6 13. Rab1 Bg7 14. b4 f5 15. c5 g5 16. Qh5 bxc5
17. bxc5 g4 18. h3 Rf6 19. Qg5 h5 20. hxg4 hxg4 21. Ne2 Rh6
22. Qxd8+ Rxd8 23. Rb7 Rc8 24. Nc4 Kf7 25. Nf4 Rch8 26. Rd1
Rh2+ 27. Kf1 Rh1+ 28. Ke2 Rxd1 29. Kxd1 Rc8 30. Nd6+ cxd6
31. Rxd7+ Kg8 32. Nxe6 Bf6 33. Rxd6 Be7 34. Rd7 Kf7 35. Nf4
Kf6 36. Rb7 Bf8 37. Nd5+ Ke6 38. Nc7+ Kf6 39. Nb5 Ke6 40. Ke2
Kd5 41. Rf7 Rb8 42. a4 a6 43. Rxf5+ Ke6 44. Rf4 axb5 45. axb5
Nb4 46. b6 Ra8 47. e4 Bg7 48. d5+ Nxd5 49. exd5+ Kxd5 50. Rxg4
Bf8 51. b7 Rb8 52. Rg8 Kxc5 53. g4 Kd6 54. g5 Ke7 55. g6 Rxb7
56. g7 Rb2+ 57. Kf3 Bxg7 1/2-1/2

[Event "Chinese Championship"]
[Site "Xinghua CHN"]
[Date "2015.05.24"]
[EventDate "2015.05.18"]
[Round "6.6"]
[Result "1/2-1/2"]
[White "Lin Chen"]
[Black "Wang Chen"]
[WhiteElo "2460"]
[BlackElo "2536"]
[PlyCount "61"]

1. e4 c5 2. Nf3 e6 3. d4 cxd4 4. Nxd4 Nc6 5. Nc3 Qc7 6. Be2 a6
7. O-O Nf6 8. Be3 Bb4 9. Na4 Bd6 10. Nxc6 bxc6 11. Nb6 Rb8
12. Nxc8 Rxc8 13. g3 Rb8 14. Qd3 Rxb2 15. Rab1 Rb8 16. Ba7
Qxa7 17. Qxd6 Rc8 18. Bf3 Ng8 19. Rb3 Ne7 20. Rfb1 Qc7 21. Qa3
c5 22. Qxa6 Nc6 23. c3 O-O 24. Qe2 Qa5 25. Qc2 Ra8 26. e5 Qxa2
27. Qxa2 Rxa2 28. Bxc6 dxc6 29. Rb6 Re2 30. Rxc6 Rxe5 31. Rb5
1/2-1/2

[Event "Chinese Championship"]
[Site "Xinghua CHN"]
[Date "2015.05.25"]
[EventDate "2015.05.18"]
[Round "7.2"]
[Result "1-0"]
[White "Zhao Jun"]
[Black "Lin Chen"]
[WhiteElo "2613"]
[BlackElo "2460"]
[PlyCount "67"]

1. e4 e5 2. Nf3 Nc6 3. Bb5 Nf6 4. d3 d6 5. c3 Be7 6. O-O O-O
7. Re1 a6 8. Ba4 b5 9. Bc2 d5 10. exd5 Qxd5 11. Nbd2 Bg4
12. h3 Bh5 13. Qe2 Rfe8 14. g4 Bg6 15. Nh4 Rad8 16. Nxg6 hxg6
17. Nf3 Nd7 18. b4 Nf8 19. a4 Ne6 20. Qe4 Qxe4 21. Rxe4 Rd6
22. Bd2 Bf6 23. h4 Bd8 24. axb5 axb5 25. Nxe5 Bxh4 26. Nxc6
Rxc6 27. g5 Bxg5 28. Bxg5 Rxc3 29. Ra2 Kf8 30. Ra1 Kg8 31. Ra2
Kf8 32. Bd2 Rc6 33. Be3 Rd6 34. Bb3 1-0

[Event "Chinese Championship"]
[Site "Xinghua CHN"]
[Date "2015.05.25"]
[EventDate "2015.05.18"]
[Round "7.3"]
[Result "1/2-1/2"]
[White "Lu Shanglei"]
[Black "Zhou Jianchao"]
[WhiteElo "2606"]
[BlackElo "2589"]
[PlyCount "40"]

1. e4 c5 2. Nf3 e6 3. d4 cxd4 4. Nxd4 Nc6 5. Nc3 a6 6. g3 d6
7. Bg2 Bd7 8. O-O Be7 9. Re1 Nxd4 10. Qxd4 Nf6 11. Bg5 Rc8
12. Rad1 O-O 13. Qa7 Bc6 14. e5 Bxg2 15. Kxg2 Ne8 16. h4 Qd7
17. Kg1 d5 18. Qd4 b5 19. Qg4 Rc4 20. Re4 Bxg5 1/2-1/2

[Event "Chinese Championship"]
[Site "Xinghua CHN"]
[Date "2015.05.25"]
[EventDate "2015.05.18"]
[Round "7.6"]
[Result "1/2-1/2"]
[White "Liu Qingnan"]
[Black "Wen Yang"]
[WhiteElo "2523"]
[BlackElo "2583"]
[PlyCount "129"]

1. e4 e5 2. Nf3 Nc6 3. Bc4 Nf6 4. Ng5 d5 5. exd5 Na5 6. Bb5+
c6 7. dxc6 bxc6 8. Be2 h6 9. Nf3 e4 10. Ne5 Bd6 11. d4 exd3
12. Nxd3 O-O 13. Bf4 Bxf4 14. Nxf4 Qb6 15. b3 Rd8 16. Nd3 c5
17. O-O c4 18. bxc4 Nxc4 19. Nd2 Be6 20. Rb1 Qc7 21. Bf3 Rac8
22. Nxc4 Qxc4 23. Rb2 Bf5 24. Qe1 Bxd3 25. cxd3 Qxd3 26. Qa5
Qd4 27. Rb7 Rd7 28. Rxd7 Qxd7 29. Rd1 Qe7 30. h3 g6 31. a4 Kg7
32. Re1 Qc5 33. Qd2 a5 34. Qb2 Qc4 35. Qa1 Qb4 36. Rb1 Qd2
37. Rd1 Qb4 38. Be2 Rc3 39. Rd3 Rc2 40. Rf3 Rb2 41. Bd3 Qd4
42. g3 Rb4 43. Qxd4 Rxd4 44. Bc2 Nd5 45. h4 Nb6 46. Bb3 f5
47. Rc3 Nxa4 48. Rc7+ Kh8 49. Rc8+ Kg7 50. Rc7+ Kh8 51. Bf7
Rd6 52. Ra7 Nc3 53. Rxa5 f4 54. Kg2 fxg3 55. fxg3 Kg7 56. Ra7
Kf6 57. Bc4 Nd5 58. Kf3 h5 59. Rb7 Ne7 60. Rb8 Nf5 61. Rf8+
Ke5 62. Re8+ Kf6 63. Rf8+ Ke5 64. Re8+ Kf6 65. Rf8+ 1/2-1/2

[Event "Chinese Championship"]
[Site "Xinghua CHN"]
[Date "2015.05.25"]
[EventDate "2015.05.18"]
[Round "7.4"]
[Result "1-0"]
[White "Yu Yangyi"]
[Black "Wan Yunguo"]
[WhiteElo "2723"]
[BlackElo "2472"]
[PlyCount "124"]

1. d4 Nf6 2. c4 g6 3. Nc3 d5 4. cxd5 Nxd5 5. g3 Bg7 6. Bg2 Nb6
7. Nf3 O-O 8. O-O Nc6 9. e3 Re8 10. h3 a5 11. d5 Nb4 12. e4 c6
13. a3 Na6 14. Be3 cxd5 15. exd5 Bd7 16. Bd4 e5 17. dxe6 Bxe6
18. Re1 Rb8 19. Ne4 a4 20. Bxg7 Kxg7 21. Nd6 Rf8 22. Qd4+ Kg8
23. Rad1 Bb3 24. Rd3 Nc8 25. Ne4 Qxd4 26. Nxd4 Bc4 27. Rc3 Nb6
28. Nd6 Bd5 29. Bf1 Rbd8 30. N4b5 Bc6 31. Rc2 Rd7 32. Ne4 Kg7
33. f3 Rfd8 34. Kf2 h6 35. g4 Nc7 36. Nxc7 Rxc7 37. Bb5 Nd5
38. Rd1 Rdc8 39. Bxc6 Rxc6 40. Rxc6 bxc6 41. Nc5 Ra8 42. Rd4
Nb6 43. Rb4 Ra5 44. Nd3 Nd7 45. Ke3 Kf6 46. f4 Ke6 47. Re4+
Kd6 48. Rd4+ Ke6 49. Ke2 c5 50. Re4+ Kd6 51. Re8 h5 52. g5 Ra7
53. h4 Rb7 54. Kf2 Nb6 55. Rd8+ Ke7 56. Rh8 Nd5 57. Ra8 c4
58. Nc5 Rc7 59. Nxa4 Nxf4 60. Nc3 Kd7 61. a4 Rb7 62. a5 Nd3+
1-0

[Event "Chinese Championship"]
[Site "Xinghua CHN"]
[Date "2015.05.25"]
[EventDate "2015.05.18"]
[Round "7.2"]
[Result "1-0"]
[White "Zhao Jun"]
[Black "Lin Chen"]
[WhiteElo "2613"]
[BlackElo "2460"]
[PlyCount "63"]

1. e4 e5 2. Nf3 Nc6 3. Bb5 Nf6 4. d3 d6 5. c3 Be7 6. O-O O-O
7. Re1 a6 8. Ba4 b5 9. Bc2 d5 10. exd5 Qxd5 11. Nbd2 Bg4
12. h3 Bh5 13. Qe2 Rfe8 14. g4 Bg6 15. Nh4 Rad8 16. Nxg6 hxg6
17. Nf3 Nd7 18. b4 Nf8 19. a4 Ne6 20. Qe4 Qxe4 21. Rxe4 Rd6
22. Bd2 Bf6 23. h4 Bd8 24. axb5 axb5 25. Nxe5 Bxh4 26. Nxc6
Rxc6 27. g5 Bxg5 28. Bxg5 Rxc3 29. Ra2 Kf8 30. Bd2 Rc6 31. Be3
Rd6 32. Bb3 1-0

[Event "Chinese Championship"]
[Site "Xinghua CHN"]
[Date "2015.05.26"]
[EventDate "2015.05.18"]
[Round "8.5"]
[Result "0-1"]
[White "Lin Chen"]
[Black "Lu Shanglei"]
[WhiteElo "2460"]
[BlackElo "2606"]
[PlyCount "82"]

1. e4 c5 2. Nf3 d6 3. Bb5+ Nd7 4. d4 a6 5. Bxd7+ Bxd7 6. dxc5
dxc5 7. Nc3 e6 8. Ne5 Qc7 9. Nxd7 Qxd7 10. Qf3 Qc6 11. O-O Nf6
12. Bg5 Be7 13. Rfd1 O-O 14. Rd2 h6 15. Bh4 Rfd8 16. Rad1 Rxd2
17. Rxd2 Rd8 18. Rxd8+ Bxd8 19. Qd3 Bc7 20. Bxf6 gxf6 21. Ne2
c4 22. Qd2 Qxe4 23. g3 Kg7 24. Nc3 Qf5 25. Qe2 b5 26. a4 Bb6
27. axb5 axb5 28. Ne4 Qe5 29. Nc3 Qf5 30. Ne4 h5 31. Kg2 Qd5
32. Qf3 Bd4 33. c3 Be5 34. h3 f5 35. Ng5 b4 36. cxb4 Bxb2
37. Kf1 c3 38. Qxh5 c2 39. Qh7+ Kf6 40. Qxf7+ Kxg5 41. Qg8+
Kh6 0-1

[Event "Chinese Championship"]
[Site "Xinghua CHN"]
[Date "2015.05.26"]
[EventDate "2015.05.18"]
[Round "8.6"]
[Result "1-0"]
[White "Wang Chen"]
[Black "Zhao Jun"]
[WhiteElo "2536"]
[BlackElo "2613"]
[PlyCount "79"]

1. e4 c5 2. Nc3 d6 3. f4 g6 4. Nf3 Bg7 5. Bb5+ Bd7 6. Bc4 Nc6
7. O-O Na5 8. Be2 Nc6 9. Bc4 Na5 10. Be2 Nc6 11. Bc4 Na5
12. Be2 Nc6 13. Bc4 Na5 14. Be2 Nf6 15. Qe1 Nc6 16. d3 Bg4
17. Be3 Nd7 18. Kh1 e6 19. Nb5 Qb8 20. e5 dxe5 21. Nxe5 Bxe2
22. Nxd7 Kxd7 23. Qxe2 Nd4 24. Bxd4 cxd4 25. Qf2 Rd8 26. Rae1
Kc6 27. a4 a6 28. Na3 b5 29. Qf3+ Kb6 30. c4 dxc3 31. bxc3 Qd6
32. axb5 axb5 33. Nc4+ bxc4 34. Rb1+ Kc5 35. d4+ Bxd4
36. cxd4+ Qxd4 37. Qb7 Rac8 38. Qb6+ Kd5 39. Rbd1 Qd3 40. Rfe1
1-0

[Event "Chinese Championship"]
[Site "Xinghua CHN"]
[Date "2015.05.27"]
[EventDate "2015.05.18"]
[Round "9.2"]
[Result "1/2-1/2"]
[White "Lu Shanglei"]
[Black "Wang Chen"]
[WhiteElo "2606"]
[BlackElo "2536"]
[PlyCount "88"]

1. e4 c5 2. Nf3 e6 3. g3 Nc6 4. Bg2 Nf6 5. Qe2 Be7 6. e5 Nd5
7. O-O O-O 8. Nc3 d6 9. exd6 Bxd6 10. d3 Be7 11. h4 b6 12. Bg5
Bb7 13. Rae1 Nf6 14. Qd2 Qd7 15. Qc1 Rad8 16. Bxf6 Bxf6
17. Ne4 Be7 18. b3 Qc7 19. g4 Nb4 20. g5 Nd5 21. h5 Nf4 22. h6
gxh6 23. gxh6 f6 24. Ng3 Kh8 25. Nh4 Nxg2 26. Nxg2 Qc6 27. f3
Qd5 28. Nf4 Qg5 29. Nh5 Qxc1 30. Rxc1 f5 31. Rce1 Bc8 32. f4
Rf7 33. Ng7 Bh4 34. N3h5 Bxe1 35. Rxe1 Rd6 36. Re5 Bd7 37. Kf2
Rf8 38. Kg3 Kg8 39. Kh4 Kf7 40. Kg5 Ke7 41. Ng3 Kd8 42. N3h5
Ke7 43. Ng3 Kf7 44. N3h5 Ke7 1/2-1/2

[Event "Chinese Championship"]
[Site "Xinghua CHN"]
[Date "2015.05.27"]
[EventDate "2015.05.18"]
[Round "9.5"]
[Result "1-0"]
[White "Liu Qingnan"]
[Black "Wan Yunguo"]
[WhiteElo "2523"]
[BlackElo "2472"]
[PlyCount "111"]

1. e4 e5 2. Nf3 Nc6 3. Bc4 Nf6 4. d3 Be7 5. O-O O-O 6. Re1 d6
7. c3 Na5 8. Bb5 a6 9. Ba4 b5 10. Bc2 c5 11. Nbd2 Nc6 12. Nf1
Re8 13. h3 Bb7 14. Ng3 Bf8 15. d4 cxd4 16. cxd4 exd4 17. Bf4
Ne5 18. Nxd4 Ng6 19. Qf3 Nh4 20. Qb3 Ng6 21. Qf3 Nh4 22. Qc3
Ng6 23. Bg5 h6 24. Bxf6 Qxf6 25. Bb3 Rac8 26. Qd2 Ne5 27. Ndf5
Nc4 28. Bxc4 Rxc4 29. Rad1 Re6 30. b3 Rc8 31. f3 Qe5 32. Ne2
Ree8 33. Qf4 Rc2 34. Qg4 g6 35. Nf4 Kh7 36. Ne3 h5 37. Qd7 Re7
38. Qxd6 Qxd6 39. Rxd6 Rxa2 40. Nfd5 Bxd5 41. Nxd5 Rb7 42. Rd8
Bg7 43. e5 g5 44. h4 gxh4 45. Kh2 a5 46. Re4 a4 47. Rxh4 Bxe5+
48. f4 Rb8 49. Rd7 Bg7 50. Rxh5+ Kg8 51. bxa4 bxa4 52. Rg5
Rab2 53. f5 Kf8 54. f6 Bh6 55. Rh5 Bg7 56. Rh7 1-0

[Event "Chinese Championship"]
[Site "Xinghua CHN"]
[Date "2015.05.28"]
[EventDate "2015.05.18"]
[Round "10.2"]
[Result "1/2-1/2"]
[White "Wan Yunguo"]
[Black "Wen Yang"]
[WhiteElo "2472"]
[BlackElo "2583"]
[PlyCount "60"]

1. e4 e5 2. Nf3 Nc6 3. Bb5 a6 4. Ba4 Nf6 5. O-O Be7 6. Re1 b5
7. Bb3 d6 8. c3 O-O 9. h3 Nb8 10. d4 Nbd7 11. Nbd2 Bb7 12. Bc2
Re8 13. b3 c6 14. c4 Bf8 15. d5 a5 16. Nf1 Qc7 17. dxc6 Bxc6
18. cxb5 Bxb5 19. Ba3 Rad8 20. Ne3 Bc6 21. Qb1 g6 22. Nd2 Nc5
23. Bxc5 dxc5 24. Nec4 Nh5 25. Qb2 Nf4 26. Qc3 Ra8 27. a4 Bg7
28. Ne3 Red8 29. Ndc4 Rd4 30. Kh2 Qd8 1/2-1/2

[Event "Chinese Championship"]
[Site "Xinghua CHN"]
[Date "2015.05.28"]
[EventDate "2015.05.18"]
[Round "10.3"]
[Result "1-0"]
[White "Zhou Jianchao"]
[Black "Liu Qingnan"]
[WhiteElo "2589"]
[BlackElo "2523"]
[PlyCount "65"]

1. d4 d5 2. c4 c6 3. Nf3 Nf6 4. Nc3 e6 5. e3 Nbd7 6. Bd3 dxc4
7. Bxc4 b5 8. Bd3 a6 9. e4 c5 10. d5 c4 11. Bc2 Qc7 12. O-O
Bd6 13. dxe6 fxe6 14. Ng5 Nb6 15. a4 h6 16. Nf3 b4 17. e5 Bxe5
18. Nxe5 Qxe5 19. Re1 Qb8 20. Bg6+ Ke7 21. a5 Rd8 22. Qe2 bxc3
23. axb6 Qxb6 24. bxc3 Kf8 25. Ba3+ Kg8 26. Be7 Rd5 27. Bxf6
gxf6 28. Be4 Re5 29. Qf3 Ra7 30. Qxf6 Rg5 31. Rab1 Qc7
32. Red1 Bd7 33. Rxd7 1-0